Health and Social Work

Bibliographic Details
Format: Book
Published: Estados Unidos Oxford University Press 1993 - 2012
Subjects:
Online Access:Acceso restringido

MARC

LEADER 00000nam a22000007a 4500
005 20151109102025.0
007 cr|||| ||u|
008 151109s19932012-uq||pos|||| 0|||a1eng d
022 |a  0360-7283  
035 |a 2837 
040 |a vLex 
090 |c 5676  |d 5676 
245 1 0 |a  Health and Social Work  |h [Recurso electrn̤ico] /   |c Oxford University Press  
256 |a Servicio en ln̕ea  
260 |a Estados Unidos  |b Oxford University Press   |c 1993 - 2012 
300 |a 1 recurso electrn̤ico  
310 |a Trimestral 
500 |a For 20 years, human services professionals have relied on Health & Social Work for the latest advances in areas such as aging, clinical work, long-term care, oncology, substance abuse, depression, and maternal health. Articles also cover research, policy, specialized services, quality assurance, in-service training, and other topics that affect the delivery of health care services. 
506 1 |a Contenido solo disponible en los productos indicados  |d vLex Global  |d vLex Global (Academic Edition, excluding Law Schools)  |d vLex Global (U.S. Academic Edition, Law Schools)  |d vLex Global (U.S. Academic Edition, excluding Law Schools)  |d vLex Global (Academic Edition, Law Schools) 
650 0 4 |a Salud en el trabajo  |z Inglaterra  
740 0 |a vLex revista (servicio en ln̕ea) 
856 4 0 |u http://vlex.com/source/health-social-work-2837  |z Acceso restringido 
942 |c REV 
999 0 |a Health